| 000 | 01045nam0a22002651 4500 | ||
|---|---|---|---|
| 001 | rc\174499 | ||
| 005 | 20250620220650.0 | ||
| 010 |
_a5-7310-0629-6 _9300 |
||
| 035 | _a(NLR Aleph) 005435964 | ||
| 090 |
_a4706439 _c4706439 |
||
| 100 | _a20030307d1996 |||y0rusy50 ca | ||
| 101 | 0 | _arus | |
| 102 | _aRU | ||
| 105 | _ay ||||||||| | ||
| 200 | 1 |
_aПолевые структуры в строе языка _eРос. акад. наук. Ин-т лингвист. исслед.; С. Петерб. ун-т экономики и финансов |
|
| 210 |
_aСПб. _cИзд-во С.-Петерб. ун-та экономики и финансов _d1996 |
||
| 215 |
_a114, [2] с. _d20 |
||
| 320 | _aБиблиогр. в примеч.: с. 112-115 | ||
| 700 | 1 |
_7ca _8rus _aПавлов _bВ.М. _cфилолог-германист _f1925-2011 _gВладимир Михайлович _9167543 _3RU\NLR\AUTH\770167590 |
|
| 801 | 0 |
_aRU _bNLR _gpsbo |
|
| 801 | 1 |
_aRU _bELAR _2rusmarc |
|
| 852 |
_aNLR _j96-3/9436 |
||
| 942 | _cBOOK | ||
| 980 | _aNB | ||